• 首页
  • 本馆介绍
  • 公告通知
  • 最新文献
  • 馆藏检索
  • 电子资源
  • 读者导购
  • 参考咨询
  • 我的图书馆
  • 登录
  • 详细信息显示
  • 放入我的书架
  • 预约/预借图书
  • 作者相关作品
  • 分类相关作品
  • 丛书相关作品
  • 出版社相关作品

书目信息

  • 表格格式
  • 工作单格式
  • 卡片格式
题名:
鸽病防治诀窍
    
 
作者: 刘洪云 编著
分册:  
出版信息: 上海   上海科学技术文献出版社  2002.01
页数: 152页
开本: 18cm
丛书名: 畜禽疾病防治丛书
单 册:
中图分类: S858.39
科图分类:
主题词: 鸽禽病防治 , 鸽
电子资源:
ISBN: 7-5439-1744-0
000 00878nam0 2200277 450
001 0102273162
005 20100908155704.32
010    @a7-5439-1744-0@dCNY7.80
100    @a20040609d2002 ekmy0chiy0121 ea
101 0  @achi
102    @aCN@b310000
105    @ak a 000yy
200 1  @a鸽病防治诀窍@Age bing fang zhi jue qiao@f刘洪云编著@Fliu hong yun bian zhu
210    @a上海@c上海科学技术文献出版社@d2002.01
215    @a152页@d18cm
225 2  @a畜禽疾病防治丛书@9chu qin ji bing fang zhi cong shu
320    @a有书目 (第152页)
330    @a本书简明扼要地阐述了鸽的常见传染病、常见寄生虫病、常见普通病、营养代谢病等鸽病以及防治的基本知识和诀窍。
461  0 @12001
606 0  @a鸽禽病防治
606 0  @a鸽
690    @aS858.39@v4
701  0 @a刘洪云@4编著@9liu hong yun
801    @acn@bbwkj@c20100908
905    @aBZT@dS858.39@e73
906    @dCNY7.80@n0@r1
    
    鸽病防治诀窍/刘洪云编著.-上海:上海科学技术文献出版社,2002.01
    152页;18cm.-(畜禽疾病防治丛书)
    
    
    ISBN 7-5439-1744-0:CNY7.80
    本书简明扼要地阐述了鸽的常见传染病、常见寄生虫病、常见普通病、营养代谢病等鸽病以及防治的基本知识和诀窍。
●
相关链接 在五车中查询图书 在当当中查询图书 在豆瓣中查询图书


正题名:鸽病防治诀窍     索取号:S858.39/73         预约/预借

序号 登录号 条形码 馆藏地/架位号 状态 备注
1 458558   230062386   中心书库中库/ 中库031架A面4列3层13/ [索取号:S858.39/73] 在馆    
2 458559   230062387   中心书库中库/ 中库031架A面4列3层12/ [索取号:S858.39/73] 在馆    
3 458560   230062390   中心书库中库/ 中库031架A面5列2层102/ [索取号:S858.39/73] 在馆    
4 458561   230062389   中心书库中库/ 中库031架B面6列2层6/ [索取号:S858.39/73] 在馆    
5 458562   230062388   中心书库中库/ 中库031架A面4列3层11/ [索取号:S858.39/73] 在馆    
山东省滨州职业学院图书馆 欢迎您!
大连网信软件有限公司© 版权所有